| 000 | 00508nam a2200181Ia 4500 | ||
|---|---|---|---|
| 999 |
_c31840 _d31840 |
||
| 003 | OSt | ||
| 005 | 20200730100706.0 | ||
| 008 | 190216s9999||||xx |||||||||||||| ||und|| | ||
| 020 | _a9780486401898 | ||
| 040 | _coclc | ||
| 082 |
_a512.81 _bWEI/A |
||
| 100 |
_aWeiss, Edwin _93857 |
||
| 245 | 0 |
_aAlgebraic Number Theory / _cEdwin Weiss |
|
| 260 |
_bDover Publications, _c1998. _aNew York: |
||
| 300 | _a275p | ||
| 650 | _aMathematics | ||
| 942 |
_cBK _2ddc _h512.81 _iWEI/A _k512.81 _mWEI/A |
||